Validación del método ASTM D 4059-00 para la determinación de bifenilos policlorados en aceite dieléctrico, con el fin de obtener la acreditación ante la EMA de un laboratorio de ensayo /

Furkejuvvon:
Bibliográfalaš dieđut
Váldodahkki: Martínez Morett, David (autor)
Materiálatiipa: Oahppočájánas Girji
Giella:espánnjágiella
Fáttát:
Fáddágilkorat: Lasit fáddágilkoriid
Eai fáddágilkorat, Lasit vuosttaš fáddágilkora!

MARC

LEADER 00000nam^a2200000^a^4500
001 000187925
005 20250521000000.0
009 20260310102321.003
037 |a Acervo ITESO - Biblioteca 
041 |a ESP 
090 |a IQU. 206 
100 |a Martínez Morett, David  |e (autor) 
245 1 0 |a Validación del método ASTM D 4059-00 para la determinación de bifenilos policlorados en aceite dieléctrico, con el fin de obtener la acreditación ante la EMA de un laboratorio de ensayo /  |c D. Martínez Morett. 
264 |a Guadalajara, México :  |b edición de autor,  |c 2006 
300 |a 1 disco compacto de computadora 
336 |a datos para computadora  |b cod  |2 rdacontenido 
337 |a computadora  |b c  |2 rdamedio 
338 |a disco de computadora  |b cd  |2 rdasoporte 
502 |a ITESO Tesis de Licenciatura en Ingeniería Química 
649 |a XX 
650 |a Compuestos Orgánicos de Cloro 
650 |a Fenoles 
650 |a Industria Aceitera 
650 |a Transformadores 
650 |a Cromatógrafos 
650 |a Calibración -  |x Laboratorios 
650 |a Normalización y Certificación 
650 |a Industria Eléctrica 
650 |a Análisis Cromatográfico 
650 |a Química Analítica -  |x Laboratorios 
650 |a Ingeniería Química -  |x Laboratorios 
910 |a Fondo General 
920 |a Electrónicos - Tesis del ITESO en Disco 
905 |a 202 
901 |a 0500130548  |b IT2  |c STS  |u 20250521 
902 |a https://opac.biblio.iteso.mx/vufind/Record/000187925